Cities with two Z - Statistics

General Stats
  • This quiz has been taken 22 times
  • The average score is 3 of 15
Answer Stats
Country Answer % Correct
Congo, Rep. Brazzaville
75%
Spain Zaragoza
65%
Tanzania Zanzibar City
55%
China Zhengzhou, Zhuzhou, Zhangzhou, Zaozhuang
40%
Poland Bydgoszcz, Rzeszów, Szczecin, Zabrze
25%
Zambia Zambezi
15%
Ukraine Zaporizhia
15%
Russia Dzerzhinsk, Dzerzhinsky, Zaozyorny, Zaozyorsk, Zavolzhsk, Zavolzhye, Zheleznogorsk, Zheleznovodsk, Zhizdra
10%
Italy Arezzo, Cortina d'Ampezzo
5%
Malawi Mzuzu
5%
Germany Zeitz
5%
Uzbekistan Jizzakh
0%
Philippines Ozamiz
0%
Algeria Tizi Ouzou
0%
Egypt Zagazig
0%
No matching quizzes found
Score Distribution
Percent of People with Each Score
Percentile by Number Answered
Your Score History
You have not taken this quiz